000 00601nam a2200157 4500
001 110269
003 ES-MaACL
005 20230906185020.0
007 t|
008 061121s1951 is r ||||1| fre d
100 1 _aMolho, Issac R.
_981869
245 1 0 _aDouceur du samedi
_b: Oneg Shabbat: causeries hebdomadaires sur le Pentateuque pour la jeneusse et le foyer /
_cIsaac R. Molho; emmission radio-diffusees de Kol Sion Lagola, Jerusalem 5711-1951.
260 _aJerusalem :
_b[s. n.],
_c1951 (
_fImp. Ahva)
300 _a88 p. :
_bil.= retr. aut. ;
_c16 cm.
852 _aES-MaACL
_jC-21773
_bR.49964
999 _c110269
_d110269